| 000 | 00799nam a2200205 u 4500 | ||
|---|---|---|---|
| 001 | 000292167 | ||
| 003 | AM-YeHGA | ||
| 005 | 20250617125919.0 | ||
| 008 | 031210s1972 ||| |||||||||||||rus d | ||
| 040 | _aAM-YeHGA | ||
| 041 | 0 | _arus | |
| 100 | 1 | _aНикитин, Михаил Сергеевич | |
| 245 | 1 | 0 |
_aЧили : _bНекоторые аспекты экономического развития / _cМ.С. Никитин ; Отв. ред. К.С. Тарасов ; АН СССР. Ин-т Латинской Америки. |
| 260 |
_aМосква : _bНаука, _c1972. |
||
| 300 | _a142 с. | ||
| 650 | 1 | 4 | _aЭкономика |
| 700 | 1 |
_aТарасов, К.С. _eотв. ред. _4edt |
|
| 710 | 0 | _aИнститут Латинской Америки АН СССР | |
| 090 | _c108260 | ||
| 999 |
_c106934 _d106934 |
||